000 00240nam a2200097Ia 4500
005 20250424112854.0
008 250424s9999 xx 000 0 und d
300 _avi, 137 p. 29 cm.
650 _aAccounting--Nigeria--Periodicals.
942 _cSR
999 _c37624
_d37624